Pharmacy administration / (Record no. 97990)

MARC details
000 -LEADER
fixed length control field 00530nam a22001817a 4500
005 - DATE AND TIME OF LATEST TRANSACTION
control field 20160114101501.0
010 ## - LCCN (DPL NO)
LC control number ENG-114429
020 ## - INTERNATIONAL STANDARD BOOK NUMBER
Terms of availability 250.00
International Standard Book Number 9788178002552
035 ## - SYSTEM CONTROL NUMBER
System control number EN-97961
037 ## - SOURCE OF ACQUISITION
Source of stock number/acquisition DBAD/PUB
082 ## - DEWEY DECIMAL CLASSIFICATION NUMBER
Classification number 615.11
100 ## - MAIN ENTRY--PERSONAL NAME
Personal name Vidya Sagar, G.
245 ## - TITLE STATEMENT
Title Pharmacy administration /
Statement of responsibility, etc by G. Vidya Sagar
260 ## - PUBLICATION, DISTRIBUTION, ETC. (IMPRINT)
Place of publication, distribution, etc Hyderabad
Name of publisher, distributor, etc PharmaMed Press
Date of publication, distribution, etc 2010
270 ## - ADDRESS
Address 4-4-316, Giriraj Lane, Sultan Bazar
City Hyderabad
Postal code 500095
300 ## - PHYSICAL DESCRIPTION
Extent xi,436p.
Dimensions 24cm(pbk)
942 ## - ADDED ENTRY ELEMENTS (KOHA)
Source of classification or shelving scheme Dewey Decimal Classification
Item type English Books
Call number suffix VID
Classification part 615.11
Holdings
Withdrawn status Lost status Not for loan Collection code Home library Current library Date acquired Source of acquisition Cost, normal purchase price Full call number Barcode Copy number Cost, replacement price Koha item type
    Not For Loan Non-fiction D.B.Act.Division D.B.Act.Division 28/10/2015 DBAD/PUB 250.00 615.11 VID EN-97961 1 250.00 English Books

© Delhi Public Library
Hit Counter
free hit counter